The noble scholar, jurist, historian


 His Excellency Dr. Abdul Wahhab bin Ibrahim Abu Sulaiman, may Allah have mercy on him.


 He was born in Umm Al-Qura in the year 1356 AH.

التيسير العجيب في تفسير الغريب / (Record no. 8543)

MARC details
000 -LEADER
fixed length control field 01590cam a22003251i 4500
003 - CONTROL NUMBER IDENTIFIER
control field SA-RiAUC
005 - DATE AND TIME OF LATEST TRANSACTION
control field 20250530161420.0
008 - FIXED-LENGTH DATA ELEMENTS--GENERAL INFORMATION
fixed length control field 250528s1994 le g b 001 0 ara c
040 ## - CATALOGING SOURCE
Original cataloging agency KW-ShULA
Language of cataloging ara
Transcribing agency SA-RiAUC
Description conventions rda
050 4# - LIBRARY OF CONGRESS CALL NUMBER
Item number I276. 1994
082 04 - DEWEY DECIMAL CLASSIFICATION NUMBER
Classification number 227.3
Assigning agency SA-RiAUC
090 ## - LOCALLY ASSIGNED LC-TYPE CALL NUMBER (OCLC); LOCAL CALL NUMBER (RLIN)
Classification number (OCLC) (R) ; Classification number, CALL (RLIN) (NR) 227.3
Local cutter number (OCLC) ; Book number/undivided call number, CALL (RLIN) ا ب ن م
100 1# - MAIN ENTRY--PERSONAL NAME
Personal name ابن المنير السكندري، أحمد بن محمد بن منصور،
Dates associated with a name 620-683 هجري
Relator term مؤلف.
245 12 - TITLE STATEMENT
Title التيسير العجيب في تفسير الغريب /
Statement of responsibility, etc. تأليف ناصر الدين أبي العباس أحمد بن محمد المالكي الإسكندراني المعروف بابن المنير ؛ تحقيق سليمان ملا إبراهيم أوغلو.
250 ## - EDITION STATEMENT
Edition statement الطبعة الأولى.
264 #1 - PRODUCTION, PUBLICATION, DISTRIBUTION, MANUFACTURE, AND COPYRIGHT NOTICE
Place of production, publication, distribution, manufacture بيروت :
Name of producer, publisher, distributor, manufacturer دار الغرب الإسلامي،
Date of production, publication, distribution, manufacture, or copyright notice 1994
300 ## - PHYSICAL DESCRIPTION
Extent 285 صفحة ؛
Dimensions 24 سم
336 ## - CONTENT TYPE
Content type term نص
Content type code txt
Source rdacontent
Materials specified كتاب
337 ## - MEDIA TYPE
Media type term بدون وسيط
Media type code n
Source rdamedia
338 ## - CARRIER TYPE
Carrier type term مجلد
Carrier type code nc
Source rdacarrier
500 ## - GENERAL NOTE
General note يشتمل على كشافات.
504 ## - BIBLIOGRAPHY, ETC. NOTE
Bibliography, etc. note ببليوجرافية : صفحة 275-280.
630 27 - SUBJECT ADDED ENTRY--UNIFORM TITLE
Uniform title القرآن
General subdivision غريب
Source of heading or term aucut
630 27 - SUBJECT ADDED ENTRY--UNIFORM TITLE
Uniform title القرآن
General subdivision تفاسير
Source of heading or term aucut
700 12 - ADDED ENTRY--PERSONAL NAME
Relationship information تحقيق لـ :
Personal name ابن المنير السكندري، أحمد بن محمد بن منصور،
Dates associated with a name 620-683 هجري.
Title of a work التيسير العجيب في تفسير الغريب.
700 1# - ADDED ENTRY--PERSONAL NAME
Personal name أوغلو، سليمان ملا إبراهيم
Relator term محقق.
730 22 - ADDED ENTRY--UNIFORM TITLE
Uniform title القرآن
942 ## - ADDED ENTRY ELEMENTS (KOHA)
Source of classification or shelving scheme Dewey Decimal Classification
Koha item type Books
Suppress in OPAC No
949 ## - LOCAL PROCESSING INFORMATION (OCLC)
a SA-JeALM
d 250528
u osman123
n 1
Holdings
Withdrawn status Lost status Source of classification or shelving scheme Damaged status Not for loan Home library Current library Date acquired Total checkouts Full call number Barcode Date last seen Price effective from Koha item type
    Dewey Decimal Classification     DR AbdElwahab Library DR AbdElwahab Library 05/30/2025   227.3 ا ب ن م 000014191 05/30/2025 05/30/2025 Books
    Dewey Decimal Classification     DR AbdElwahab Library DR AbdElwahab Library 06/02/2025   227.3 ا ب ن م 000013943 06/02/2025 06/02/2025 Books